00809 2200289 4500001002100000005001500021035002000036007000300056040001600059100002700075245005600102250001300158300003900171020001800210041000800228082001000236090002100246264003800267336002100305337003000326338002300356650004700379850001000426008004100436990002300477990001900500INLIS00000000000442820260526104416 a0010-0122000060ta aSPBUPDbind0 aAgency CyanePengarang1 aPanduan Mudah Aplikasi Windows Vista /cAgency Cyan a.-Cet. 1 a200 hal. :billus. ;c14,5 x 21 cm a978-877-021-80 aind a006.4 a006.7 ATE k 1-15 a.--Yogyakarta :bMediakom,c2008. 2rdacontentaTeks 2rdamediaaTanpa Perantara 2rdacarrieravolume 4aTeknologi Informasi:Aplikasi Windows Vista aPUPAD260526 0  a10382/BR/KAPD/2009 a103870/Br/2009